Government and allocation of resources to science

में बचाया:
ग्रंथसूची विवरण
स्वरूप: पुस्तक
भाषा:Undetermined
प्रकाशित: Paris Orgaisation for Economic Co-operation and Development 1975
विषय:
टैग : टैग जोड़ें
कोई टैग नहीं, इस रिकॉर्ड को टैग करने वाले पहले व्यक्ति बनें!
Thư viện lưu trữ: Trung tâm Học liệu Trường Đại học Cần Thơ
LEADER 00488nam a2200157Ia 4500
001 CTU_78570
008 210402s9999 xx 000 0 und d
082 |a 338.9 
082 |b G721 
245 0 |a Government and allocation of resources to science 
245 0 |c H. Books ... [et al.] 
260 |a Paris 
260 |b Orgaisation for Economic Co-operation and Development 
260 |c 1975 
650 |a Science and state,Economics 
980 |a Trung tâm Học liệu Trường Đại học Cần Thơ